000 00769cam a2200241 a 4500
001 000015819
005 20200929164150.0
008 850131s1984 sp ac b 001 0 spa
020 _a8434487055
040 _aDO-SdBNP
_bspa
_cDLC
_dBNPHU
082 _a190
_bM967l
100 1 _aMuñoz, Jacobo.
_933570
245 1 0 _aLecturas de filosofía contemporánea /
_cJacobo Muñoz.
260 _aBarcelona, España :
_bEditorial Ariel,
_c1984.
300 _a277 p. :
_bil., retrs. ;
_c21 cm.
490 1 _aAriel filosofía
504 _aIncluye referencias bibliográficas.
650 4 _aFilosofía moderna
_ySIGLO XX
_95771
650 4 _aFilosofía contemporánea
_935612
830 0 _aAriel filosofía.
_935613
910 _aCatalogación por copia / LC
049 _aBNGR
999 _c15364
_d15364